000 00883nam a2200265Ia 4500
003 OSt
005 20220930092117.0
006 a|||||r|||| 00| 0
007 ta
008 220926b |||||||| |||| 00| 0 eng d
024 _a12274
037 _cTheses
040 _aCRL
_cCRL
_beng
041 _2eng
_aeng
100 _aPathak Priya Au.
_9547771
110 _aUniversity of Delhi. Faculty of Medical Science. Department of Pathology
245 0 _aConcordance amongse screeners in the use of the bethesda system for reporting thyroid cytopathology in an academic institution
260 _c2013
300 _a84p.
_ap.
_ccm.
650 _aPATHOLOGY
_9174058
700 _a Bhatia Aarti Gu.
_9547772
700 _aUniversity of Delhi. Faculty of Medical Science. Department of Pathology
942 _cDIS
_2CC
999 _c883229
_d883229